Football - Clubs de Ligue 1 2024/2025 - Statistiques

Statistiques générales
  • Ce quiz a été pris 700 fois
  • Le résultat moyen est 16 sur 18
Statistiques - réponses
Club % Correct
Olympique de Marseille
100%
Paris Saint-Germain
99%
Olympique Lyonnais
97%
LOSC Lille
95%
AS Monaco
92%
Stade Rennais FC
92%
FC Nantes
91%
OGC Nice
91%
RC Lens
91%
AS Saint-Etienne
90%
Toulouse FC
90%
RC Strasbourg
88%
Stade Brestois 29
87%
Montpellier HSC
85%
Stade de Reims
82%
Angers SCO
79%
AJ Auxerre
77%
Le Havre AC
72%
Aucun quiz correspondant
Distribution des résultats
% des personnes avec chaque résultat
Percentile par nombre de réponses
Votre historique - résultats
Vous n’avez pas pris ce quiz